000 00646cam a2200241 4500
001 WB3802-21
008 020117n2002 000 0 eng u
035 _a(Sirsi) u116349
245 _aNetherlands
260 _c2002
490 _aRICS European Economic Brief
_vWinter/Spring 2002, 6(1)
520 _aEconomic brief of the Dutch property market.
590 _aWB
650 _aNETHERLANDS
650 _aEURO AREA
650 _aPROPERTY-COMMERCIAL PROPERTY
650 _aRESIDENTIAL SECTOR
650 _aHOUSING MARKET
650 _aRETAIL SECTOR
650 _aINDUSTRIAL SECTOR
690 _aINTERNATIONAL-EUROPE
942 _n0
999 _c69301
_d69301